Signos do Zodíaco Chinês - Statistics

Estatísticas Gerais
  • Esse quiz foi jogado 191 vezes
  • A pontuação média é 9 de 12
Estatísticas das Respostas
Hint Resposta % Correto
r Rato
95%
d Dragão
89%
m Macaco
87%
c Cão
82%
p Porco
81%
s Serpente
81%
b Boi
75%
c Cavalo
71%
t Tigre
70%
g Galo
67%
c Coelho
65%
c Cabra
55%
Nenhum quiz correspondente encontrado
Distribuição das Pontuações
Porcentagem de Pessoas com Cada Pontuação
Percentil de Números Respondidos
Sua Pontuação Histórica
Você não jogou esse quiz